Statistics for 10 U.S. States With The Lowest Murder Rates

Click here to take the quiz!

General Stats

  • This quiz has been taken 6,951 times
    (6,901 since last reset)
  • The average score is 7 of 11

Answer Stats

Murder Rate Change State % Correct
1.8-10%Maine
87%
1.6-16%Vermont
83%
1.5-12%New Hampshire
79%
1.5-40%Rhode Island
74%
2.0-50%Oregon
67%
2.0-44%Idaho
64%
1.4+17%South Dakota
59%
1.9-41%Utah
55%
2.0-23%Massachusetts
54%
1.7-10%Iowa
54%
1.9-47%Minnesota
51%

Score Distribution

Percentile by Number Answered

Percent of People with Each Score

Your Score History

You have not taken this quiz since the last reset